000 00621nam a2200181Ia 4500
008 100920s9999 xx 000 0 und d
082 _b64647
_a51 थ 94
100 _aदेसाई ह. त्र्यं.
245 _aरणझुंजार नेताजी.
260 _bगोकुळ मासिक प्रकाशन, पुणे.
_c1994
300 _a196
_bसाधी
365 _b100
520 _aचरित्र.
630 _aरणझुंजार नेताजी.
650 _aचरित्र.
730 _aरणझुंजार नेताजी.
942 _cBOOK
999 _c707643
_d707640